000 01358nac a22004810a 4500
001 PT51752
003 AR-LpoUNG
005 20210201005510.0
008 201001s1976||||sp |||||||||||||||||spa d
020 _a8471131994
_c$4
040 _aAR-LpoUNG
_bspa
_eaacr
041 _aspa
044 _asp
082 0 _aR920.02 844v6
100 1 _aPinilla, Ramiro
245 1 0 _aChurchill
250 _a1§ ed.
260 _aBilbao :
_bMoretón,
_c1976.
300 _a456 p. :
_bfot.
_a(10
_fVolúmenes)
_3Impreso
490 0 _aGrandes Biografías
505 0 _aContenido: Churchill / Ramiro Pinilla - Carlomagno / Josef Fleckenstein - Einstein / Federico Revilla - Goya / Manuel Pita Andrade
650 4 _aANALISIS HISTORICO
650 4 _aARTE
650 4 _aARTES PLASTICAS
650 4 _aBELLAS ARTES
650 4 _aBIOGRAFIAS
650 4 _aCIENTIFICOS
650 4 _aDESCUBRIMIENTOS CIENTIFICOS
650 4 _aMATERIAL DE REFERENCIA
650 4 _aMINISTERIOS
650 4 _aREINO UNIDO
651 4 _aDOCUMENTOS TEORICOS O METODOLOGICOS
653 _aCHURCHILL, WINSTON
653 _aEINSTEIN, ALBERT
653 _aGOYA, FRANCISCO
653 _aREYES
700 1 _aFleckenstein, Josef
700 1 _aPita Andrade, Manuel
700 1 _aPozo, Carlos del
_etr.
700 1 _aRevilla Federico
905 _a51752
942 _cLSALA
999 _c49888
_d49888